000 01088nam a22002777a 4500
003 dpl
005 20180713150230.0
008 180705b xxu||||| |||| 00| 0 eng d
010 _aB-236959
020 _c250.00
035 _aB-236959, B-236984, B-236965
037 _bCen Lib/Ret
040 _aDPL
_bHN
_c0
082 _a
_bशर्माम
100 _aशर्मा, मनु
_971213
245 _aछत्रपति /
_c मनु शर्मा
246 _aChhatrpati
_b by Manu Sharma
260 _aनई दिल्ली
_bविद्या विहार
_c2006
270 _a1660, कुंचा दखनीराय दरिया गंज
_bनई दिल्ली
_e110002
300 _a238पृष्ठ.
_c20सेमी(सजिल्द)
650 _aहिंदी साहित्य
_971214
650 _aहिंदी उपन्यास - ऐतिहासिक
_942761
650 _aHindi literature
_971215
650 _aHindi novel -historical
_971216
942 _2ddc
_cHN
_h
_mशर्माम
999 _c117295
_d117295